LEADER 05098oam 2200577 c 450 001 996582070903316 005 20220221094418.0 010 $a3-8394-5833-1 024 7 $a10.1515/9783839458334 035 $a(CKB)5590000000487013 035 $a(DE-B1597)579609 035 $a(DE-B1597)9783839458334 035 $a(MiAaPQ)EBC6644474 035 $a(Au-PeEL)EBL6644474 035 $a(OCoLC)1257667808 035 $a(transcript Verlag)9783839458334 035 $a(EXLCZ)995590000000487013 100 $a20220221d2021 uy 0 101 0 $ager 135 $aur||||||||||| 181 $ctxt$2rdacontent 182 $cc$2rdamedia 183 $acr$2rdacarrier 200 10$aKa?mpfe um die Professionalisierung des Museums$eKarl Koetschau, die Museumskunde und der Deutsche Museumsbund 1905-1939$fAndrea Meyer 205 $a1st ed. 210 $aBielefeld$ctranscript Verlag$d2021 215 $a1 online resource (288 p.) 225 0 $aEdition Museum$v56 311 $a3-8376-5833-3 327 $aFrontmatter 1 Inhalt 5 Einleitung 7 1.1 Methodische Herangehensweise: Das Museum als Arena 12 1.2 Forschungsu?berblick: Die Museumskunde, der Museumsbund und die Protagonisten der Museumsreformbewegung 14 1.3 Quellenlage 23 1.4 Aufbau und leitende Fragen 26 Einleitung 31 2.1 Kolonien und Vo?lkerkunde, Bild und Text. Zur Funktion der Reproduktionen 34 2.2 Viel Amerika - wenig Frankreich. Schwerpunkte und Lu?cken einer la?nderu?bergreifenden Berichterstattung 45 2.3 Forum fu?r eine offene, streitbare Debattenkultur 49 Einleitung 57 3.1 Museum und Markt 59 3.2 Wilhelm von Bodes Mano?ver 61 3.3 Taktiken im Verborgenen 68 Einleitung 75 4.1 Abstecken des eigenen Terrains - Abstimmung mit dem Verband von Museums-Beamten 77 4.2 Die Beschlu?sse der ersten DMB-Jahrestagung in Wu?rzburg im Mai 1918 - ein Kompromiss 82 4.3 Das Expertisenwesen weiter im Kreuzfeuer 86 Einleitung 93 5.1 Das Buchprojekt im politischen Umbruch 101 5.2 Finanzierungsprobleme 107 5.3 Interne Profilierung statt großer O?ffentlichkeit 111 Einleitung 115 6.1 Der DMB unter Willy Storck 1920-1924 117 6.2 Walther Greischel an der Spitze des DMB 1924-1927 121 6.3 Neue Kra?fteverha?ltnisse - Werner Noacks Vorstoß um 1930 125 Einleitung 133 7.1 Zwischen Karl Hermann Jacob-Friesen und Kurt Karl Eberlein - Personaldebatten zum Auftakt 137 7.2 Ludwig Justi versus Kurt Karl Eberlein 1929/30 143 7.3 Der Streit zieht 1930/31 weite museumspolitische Kreise 150 Einleitung 155 8.1 Diskussionen um die Qualifizierung 1905/06 157 8.2 Die Berliner Museumskurse 1909-1912 161 8.3 Die Akademisierung der Museumskunde seit 1918 167 8.4 Das Bonner Modell - Anlass fu?r einen transatlantischen Bru?ckenschlag 1924 172 8.5 Koetschaus Lehransa?tze im internationalen Kontext bis 1932 177 Einleitung 193 9.1 Der DMB und seine Zeitschrift wa?hrend der NS-Diktatur 196 9.2 Gegen das Netzwerk der Moderne - Koetschaus Fu?hrungsambitionen im fru?hen NS-Staat 207 9.3 Die Denkschrift von 1933 - Koetschau als Architekt einer NS-Wissenschaftskultur 215 10. Schluss 231 Dank 243 Quellen- und Literaturverzeichnis 245 Personenverzeichnis 281 330 $aUm 1900 erkannten Museumsleute in Deutschland die Notwendigkeit der Professionalisierung: Es galt Arbeitsabla?ufe zu standardisieren, verbindliche ethische Richtlinien fu?r die museale Praxis zu entwickeln und Ausbildungskonzepte einzufu?hren, die jenseits wissenschaftlicher Fachkenntnisse auf die komplexen Anforderungen des Museumsalltags vorbereiteten. Wie bewa?ltigten die Akteur/-innen diese Herausforderungen? Welche Debatten lo?sten die auch international vorangetriebenen Reformen aus, welche Widersta?nde gab es? Andrea Meyer beantwortet Fragen wie diese am Beispiel der Zeitschrift Museumskunde und des Deutschen Museumsbundes, die beide eng mit dem Kunsthistoriker und Museumsdirektor Karl Koetschau (1868-1949) verbunden sind. 410 0$aEdition Museum 606 $aMuseum; Museumskunde; Deutscher Museumsbund; Deutschland; Karl Koetschau; Museumswissenschaft; Kulturpolitik; Museum Studies; German Museum Association; Germany; Museology; Cultural Policy; 607 $aGermany$2fast 608 $aHistory$2fast 610 $aCultural Policy. 610 $aGerman Museum Association. 610 $aGermany. 610 $aKarl Koetschau. 610 $aMuseology. 610 $aMuseum Studies. 615 4$aMuseum; Museumskunde; Deutscher Museumsbund; Deutschland; Karl Koetschau; Museumswissenschaft; Kulturpolitik; Museum Studies; German Museum Association; Germany; Museology; Cultural Policy; 676 $a069.0943 686 $aNB 3400$qSEPA$2rvk 700 $aMeyer$b Andrea$pTechnische Universita?t Berlin, Deutschland$4aut$01725353 801 0$bDE-B1597 801 1$bDE-B1597 906 $aBOOK 912 $a996582070903316 996 $aKa?mpfe um die Professionalisierung des Museums$94128296 997 $aUNISA